=LDR 00000nam 2200000 4500 =001 INLIS000000000010199 =005 20130612101915 =008 ***********************************Ind** =035 ##$$0010-061300000010199 =041 ##$$a Ind =082 ##$$a 410.04 =090 ##$$a 410.04 =100 ##$$a Sutejo =245 ##$$a Keberterimaan kosa kata baku dalam bahasa Indonesia, hasil jejak pendapat di Bandung, Sitejo =260 ##$$a 2002 $b Jakarta =300 ##$$a viii, 116 hlm, 21 cm =650 ##$$a Bahasa Indonesia-Kosa Kata =850 ##$$a NBPNMAT